00696nam a2200241 a 4500001001300000003000900013005001700022008004100039020001000080082001500090100002000105245001900125260004000144300000900184500003500193505003300228650002300261700002000284902000800304942000700312952011800319999001700437nice12345678IN_TiNIC20260116015116.0050524s1971 lona grp 000 0 eng  ac10000a230.1bBLA aBlanchard, John aRight With God aLondonbBanner of Truth Trustc1971 a127p aincludes index and biblioraphy2 aAlphabetical Index of Titles aTheology-Doctrinal1 aBlanchard, John bSRS cBK 001040708StackRoom-aHMIbHMId2007-06-14g100.00l0o230.1 BLAp11000435r2007-06-14v100.00w2005-05-24yBK c18359d18359